<?xml version="1.0" encoding="UTF-8"?>
<record
    xmlns:xsi="http://www.w3.org/2001/XMLSchema-instance"
    xsi:schemaLocation="http://www.loc.gov/MARC21/slim http://www.loc.gov/standards/marcxml/schema/MARC21slim.xsd"
    xmlns="http://www.loc.gov/MARC21/slim">

  <leader>01570nam0a22003131  4500</leader>
  <controlfield tag="001">rc\3130311</controlfield>
  <controlfield tag="005">20260406114959.0</controlfield>
  <datafield tag="021" ind1=" " ind2=" ">
    <subfield code="a">RU</subfield>
    <subfield code="b">76-11588</subfield>
  </datafield>
  <datafield tag="021" ind1=" " ind2=" ">
    <subfield code="a">RU</subfield>
    <subfield code="b">&#x420;&#x433;4633-76</subfield>
  </datafield>
  <datafield tag="035" ind1=" " ind2=" ">
    <subfield code="a">(NLR Aleph) 007284967</subfield>
  </datafield>
  <datafield tag="090" ind1=" " ind2=" ">
    <subfield code="a">5549066</subfield>
    <subfield code="c">5549066</subfield>
  </datafield>
  <datafield tag="100" ind1=" " ind2=" ">
    <subfield code="a">20120615d1975    |||y0rusy50      ca</subfield>
  </datafield>
  <datafield tag="101" ind1="0" ind2=" ">
    <subfield code="a">rus</subfield>
  </datafield>
  <datafield tag="102" ind1=" " ind2=" ">
    <subfield code="a">RU</subfield>
  </datafield>
  <datafield tag="105" ind1=" " ind2=" ">
    <subfield code="a">y   z   |||||</subfield>
  </datafield>
  <datafield tag="200" ind1="1" ind2=" ">
    <subfield code="a">&#x41F;&#x440;&#x438;&#x43C;&#x435;&#x43D;&#x435;&#x43D;&#x438;&#x435; &#x444;&#x43E;&#x440;&#x43C;&#x430;&#x43B;&#x438;&#x43D;&#x438;&#x437;&#x438;&#x440;&#x43E;&#x432;&#x430;&#x43D;&#x43D;&#x44B;&#x445; &#x433;&#x43E;&#x43C;&#x43E;&#x43A;&#x43E;&#x441;&#x442;&#x435;&#x439; &#x43F;&#x440;&#x438; &#x43A;&#x43E;&#x441;&#x442;&#x43D;&#x43E;&#x439; &#x43F;&#x43B;&#x430;&#x441;&#x442;&#x438;&#x43A;&#x435; &#x434;&#x435;&#x444;&#x435;&#x43A;&#x442;&#x43E;&#x432; &#x43D;&#x438;&#x436;&#x43D;&#x435;&#x439; &#x447;&#x435;&#x43B;&#x44E;&#x441;&#x442;&#x438;</subfield>
    <subfield code="e">&#x41C;&#x435;&#x442;&#x43E;&#x434;. &#x440;&#x435;&#x43A;&#x43E;&#x43C;&#x435;&#x43D;&#x434;&#x430;&#x446;&#x438;&#x438;</subfield>
    <subfield code="f">&#x41C;-&#x432;&#x43E; &#x437;&#x434;&#x440;&#x430;&#x432;. &#x421;&#x421;&#x421;&#x420;. &#x41B;&#x430;&#x431;. &#x43F;&#x435;&#x440;&#x435;&#x441;&#x430;&#x434;&#x43A;&#x438; &#x43E;&#x440;&#x433;&#x430;&#x43D;&#x43E;&#x432; &#x438; &#x442;&#x43A;&#x430;&#x43D;&#x435;&#x439; &#x410;&#x41C;&#x41D; &#x421;&#x421;&#x421;&#x420;. &#x41A;&#x430;&#x444;&#x435;&#x434;&#x440;&#x430; &#x441;&#x442;&#x43E;&#x43C;&#x430;&#x442;&#x43E;&#x43B;&#x43E;&#x433;&#x438;&#x438; I&#x41C;&#x41C;&#x418; &#x438;&#x43C;. &#x418;.&#x41C;. &#x421;&#x435;&#x447;&#x435;&#x43D;&#x43E;&#x432;&#x430;</subfield>
  </datafield>
  <datafield tag="210" ind1=" " ind2=" ">
    <subfield code="a">&#x41C;&#x43E;&#x441;&#x43A;&#x432;&#x430;</subfield>
    <subfield code="c">&#x411;. &#x438;.</subfield>
    <subfield code="d">1975</subfield>
  </datafield>
  <datafield tag="215" ind1=" " ind2=" ">
    <subfield code="a">12 &#x441;.</subfield>
    <subfield code="d">21</subfield>
  </datafield>
  <datafield tag="300" ind1=" " ind2=" ">
    <subfield code="a">&#x412; &#x432;&#x44B;&#x43F;. &#x434;&#x430;&#x43D;. &#x441;&#x43E;&#x441;&#x442;.: &#x43F;&#x440;&#x43E;&#x444;&#x435;&#x441;&#x441;&#x43E;&#x440;&#x430; &#x41D;.&#x41D;. &#x411;&#x430;&#x436;&#x430;&#x43D;&#x43E;&#x432;, &#x412;.&#x424;. &#x41F;&#x430;&#x440;&#x444;&#x435;&#x43D;&#x442;&#x44C;&#x435;&#x432;&#x430;, &#x434;. &#x43C;. &#x43D;. &#x412;.&#x414;. &#x420;&#x43E;&#x437;&#x432;&#x430;&#x434;&#x43E;&#x432;&#x441;&#x43A;&#x438;&#x439; [&#x438; &#x434;&#x440;.]</subfield>
  </datafield>
  <datafield tag="702" ind1=" " ind2="1">
    <subfield code="a">&#x41F;&#x430;&#x440;&#x444;&#x435;&#x43D;&#x442;&#x44C;&#x435;&#x432;&#x430;</subfield>
    <subfield code="b">&#x412;.&#x424;.</subfield>
    <subfield code="4">220</subfield>
  </datafield>
  <datafield tag="702" ind1=" " ind2="1">
    <subfield code="a">&#x420;&#x43E;&#x437;&#x432;&#x430;&#x434;&#x43E;&#x432;&#x441;&#x43A;&#x438;&#x439;</subfield>
    <subfield code="b">&#x412;.&#x414;.</subfield>
    <subfield code="4">220</subfield>
  </datafield>
  <datafield tag="702" ind1=" " ind2="1">
    <subfield code="4">220</subfield>
    <subfield code="7">ca</subfield>
    <subfield code="8">rus</subfield>
    <subfield code="a">&#x411;&#x430;&#x436;&#x430;&#x43D;&#x43E;&#x432;</subfield>
    <subfield code="b">&#x41D;. &#x41D;.</subfield>
    <subfield code="c">&#x434;-&#x440; &#x43C;&#x435;&#x434;. &#x43D;&#x430;&#x443;&#x43A;, &#x441;&#x442;&#x43E;&#x43C;&#x430;&#x442;&#x43E;&#x43B;&#x43E;&#x433;&#x438;&#x44F;</subfield>
    <subfield code="f">1923-2010</subfield>
    <subfield code="g">&#x41D;&#x438;&#x43A;&#x43E;&#x43B;&#x430;&#x439; &#x41D;&#x438;&#x43A;&#x43E;&#x43B;&#x430;&#x435;&#x432;&#x438;&#x447;</subfield>
    <subfield code="3">RU\NLR\AUTH\7772300</subfield>
    <subfield code="9">55228</subfield>
  </datafield>
  <datafield tag="712" ind1="0" ind2="2">
    <subfield code="a">&#x410;&#x41C;&#x41D; &#x421;&#x421;&#x421;&#x420;</subfield>
    <subfield code="b">&#x41B;&#x430;&#x431;&#x43E;&#x440;&#x430;&#x442;&#x43E;&#x440;&#x438;&#x44F; &#x43F;&#x43E; &#x43F;&#x435;&#x440;&#x435;&#x441;&#x430;&#x434;&#x43A;&#x435; &#x43E;&#x440;&#x433;&#x430;&#x43D;&#x43E;&#x432; &#x438; &#x442;&#x43A;&#x430;&#x43D;&#x435;&#x439;</subfield>
    <subfield code="3">RU\NLR\AUTH\8811264</subfield>
    <subfield code="9">295219</subfield>
  </datafield>
  <datafield tag="801" ind1=" " ind2="0">
    <subfield code="a">RU</subfield>
    <subfield code="b">NLR</subfield>
    <subfield code="g">psbo</subfield>
  </datafield>
  <datafield tag="801" ind1=" " ind2="1">
    <subfield code="a">RU</subfield>
    <subfield code="b">ELAR</subfield>
    <subfield code="2">rusmarc</subfield>
  </datafield>
  <datafield tag="852" ind1=" " ind2=" ">
    <subfield code="a">NLR</subfield>
    <subfield code="j">76-4/12556</subfield>
  </datafield>
  <datafield tag="942" ind1=" " ind2=" ">
    <subfield code="c">BOOK</subfield>
  </datafield>
  <datafield tag="980" ind1=" " ind2=" ">
    <subfield code="a">NB</subfield>
  </datafield>
  <datafield tag="995" ind1=" " ind2=" ">
    <subfield code="5">2013-10-26</subfield>
    <subfield code="b">NLR01</subfield>
    <subfield code="c">NLR01</subfield>
    <subfield code="e">RF91</subfield>
    <subfield code="f">7284967-10</subfield>
    <subfield code="k">76-4/12556</subfield>
    <subfield code="o">0</subfield>
    <subfield code="r">BOOK</subfield>
    <subfield code="s">76412556_</subfield>
  </datafield>
</record>
